000 00331nam a2200133Ia 4500
005 20251222144647.0
008 251222s9999||||xx |||||||||||||| ||spa||
020 _a9972-832-23-6
082 _a985.204/G96
100 _aGutiérrez Arbulú, Laura
245 0 _aLima en el Siglo XVI
264 _bFondo Editorial PUCP
942 _cLIB
999 _c16908
_d16908